Inside No. 9 Where's The Hare? - Statistics

General Stats
  • This quiz has been taken 28 times
  • The average score is 4 of 9
Answer Stats
Picture Answer % Correct
3 by 3
100%
Bernie Clifton's Dressing Room
100%
Cold Comfort
100%
Empty Orchestra
100%
Hurry Up and Wait
100%
Kid/Nap
100%
Merrily, Merrily
100%
Once Removed
100%
Wuthering Heist
100%
Zanzibar
100%
Diddle Diddle Dumpling
83%
Death Be Not Proud
75%
Last Gasp
75%
A Random Act of Kindness
67%
La Couchette
67%
Mulberry Close
67%
The Trial of Elizabeth Gadge
67%
Tom & Gerri
67%
Private View
60%
And the Winner is
50%
Misdirection
50%
The Harrowing
50%
The Last Weekend
50%
A Quiet Night In
33%
Paraskevidekatriaphobia
33%
Sardines
33%
Tempting Fate
33%
The Stakeout
33%
The Trolley Problem
33%
The Understudy
33%
Thinking Out Loud
33%
How Do You Plead
20%
Boo to a Goose
0%
CTRL, ALT, ESC
0%
Curse of the Nineth
0%
Dead Line
0%
Last Night of the Proms
0%
Lip Service
0%
Love Is a Stranger
0%
Love's Great Adventure
0%
Mother's Ruin
0%
Mr King
0%
Nana's Party
0%
Nine Lives Kat
0%
Plodding On
0%
Seance Time
0%
Simon Says
0%
The 12 Days of Christine
0%
The Bill
0%
The Bones of St Nicholas
0%
The Devil of Christmas
0%
The Referee's a W***er
0%
The Riddle of the Sphinx
0%
To Have and to Hold
0%
Wise Owl
0%
No matching quizzes found
Score Distribution
Percent of People with Each Score
Percentile by Number Answered
Your Score History
You have not taken this quiz